000 00606nam a2200229Ia 4500
003 OSt
005 20230502150148.0
008 210423s2019 xx 000 0 und d
020 _a978-93-87760-44-8
040 _cAL
041 _aeng
082 _a659.1
_223
_bMATA
100 _aMATHUR (Upendra)
_996192
245 _aAdvertising consumer and retail marketing Vol 1
260 _aJaipur
_bSatyam Publishers
_c2019
300 _a250
_bHB
365 _b1750
_cINR
440 _v1
650 _aAdvertising
_996193
906 _aAdvertising ; consumer ; marketing ; retail ; Vol
942 _2ddc
_cBK
999 _c170585
_d170585